Największe europejskie miasta na literę G - Quiz z mapą - Statystyki

Ogólne statystyki
  • Ten quiz został rozwiązany 112 razy
  • Średni wynik to 11 z 20
Odpowiedzi na mapie
Odpowiedzi zakodowano w zielono-czerwonej skali na mapie do tego quizu, zgodnie z poniższymi procentami.
 
Statystyki odpowiedzi
Liczba
Ludności
Kraj Miasto % Poprawnych
486492 Polska Gdańsk
100%
242141 Polska Gdynia
98%
622820 Wielka Brytania Glasgow
92%
562549 Włochy Genua
82%
604616 Szwecja Goteborg
82%
171023 Polska Gliwice
79%
203856 Szwajcaria Genewa
78%
298479 Austria Graz
72%
356900 Białoruś Grodno
64%
265086 Belgia Gandawa
62%
230595 Hiszpania Grenada
53%
238147 Holandia Groningen
48%
267706 Hiszpania Gijon
38%
157477 Francja Grenoble
38%
265885 Niemcy Gelsenkirchen
37%
183219 Hiszpania Getafe
36%
132111 Węgry Gyor
32%
158124 Portugalia Guimaraes
23%
217851 Rumunia Gałacz
19%
239828 Ukraina Gorłówka
13%
Nie znaleziono quizów pasujących do podanych kryteriów
Rozkład punktacji
Procent ludzi z każdym wynikiem
Percentyl według liczby udzielonych odpowiedzi
Twoja historia wyników
Nie rozwiązałeś tego quizu